Nicholls's Seamanship and Nautical Knowledge / (Record no. 1597)

000 -LEADER
fixed length control field 00663nam a2200241Ia 4500
007 - PHYSICAL DESCRIPTION FIXED FIELD--GENERAL INFORMATION
fixed length control field ta
008 - FIXED-LENGTH DATA ELEMENTS--GENERAL INFORMATION
fixed length control field 190805s2004 xxka|||g||||||||1 ||und||
020 ## - INTERNATIONAL STANDARD BOOK NUMBER
International Standard Book Number 9780851747163
Terms of availability £ 50.73
040 ## - CATALOGING SOURCE
Original cataloging agency IMU Kochi Library
Language of cataloging eng
041 0# - LANGUAGE CODE
Language code of text/sound track or separate title eng
044 ## - COUNTRY OF PUBLISHING/PRODUCING ENTITY CODE
MARC country code United Kingdom
082 04 - DEWEY DECIMAL CLASSIFICATION NUMBER
Classification number 623.88
Item number C644
Edition number 23
100 1# - MAIN ENTRY--PERSONAL NAME
Personal name Nicholls, A. E.
245 10 - TITLE STATEMENT
Title Nicholls's Seamanship and Nautical Knowledge /
250 ## - EDITION STATEMENT
Edition statement 28th ed.
260 ## - PUBLICATION, DISTRIBUTION, ETC. (IMPRINT)
Place of publication, distribution, etc Glasgow :
Name of publisher, distributor, etc Brown, Son & Ferguson Ltd,
Date of publication, distribution, etc 2004.
300 ## - PHYSICAL DESCRIPTION
Extent 383 p. :
Other physical details ill. ;
Dimensions 21 cm
650 #0 - SUBJECT ADDED ENTRY--TOPICAL TERM
Topical term or geographic name as entry element Seamanship
Form subdivision Handbooks, manuals, etc.
700 ## - ADDED ENTRY--PERSONAL NAME
Personal name Cockcroft, A. N.
Relator term Editor
852 ## - LOCATION/CALL NUMBER
Location IMU Kochi Library
904 ## - LOCAL DATA ELEMENT D, LDD (RLIN)
CATALOGER Akhil Bose
942 ## - ADDED ENTRY ELEMENTS (KOHA)
Item type Books
Holdings
Withdrawn status Lost status Source of classification or shelving scheme Damaged status Not for loan Collection code Permanent location Current location Shelving location Date acquired Source of acquisition Cost, normal purchase price Full call number Barcode Date last seen Koha item type Public note
          Nautical Science IMU Kochi Library IMU Kochi Library Reference 2012-06-29 M/s Sterling Book House (Inv. No.861 dt. 2012-08-13) 4641.80 623.88 C644 BK000435 2020-01-09 Books Shelf-4, Row-4


Copyright © All Rights Reserved by Indian Maritime University, Kochi Campus.
For any Suggestions/Query Contact to library or Email: library.kochi@imu.ac.in Ph:(0484)-2989402
(Web OPAC Designed by Rudra Ranjan. Maintained by IMU Kochi Library)

Powered by Koha